000 00392cam a2200169 4500
001 D13057
008 090401t1966 xxu||||| |||| 00| 0 eng d
035 _a(Sirsi) u7531
041 _aeng
110 _aThe Institute of Building
_91387
245 _aCode of estimating practice
260 _aLondon
_bIOB
_c1966
350 _a0
520 _aShelf 117
942 _n0
948 _c04/03/1997
999 _c86424
_d86424